01093cam a2200301 a 450000100090000000300040000900500170001300800410003001000170007102000440008802000410013203500240017303500210019704000470021805000320026508200070029710000220030424500590032625000120038526000480039730000490044550400640049465000240055890600450058294200270062799900170065495201200067115542315OSt20160715150539.0081203s2010 caua b 001 0 eng  a 2008052065 a9780321569769 (hard cover : alk. paper) a0321569768 (hard cover : alk. paper) a(OCoLC)ocn268788630 a(OCoLC)268788630 aDLCcDLCdBTCTAdYDXCPdC#PdBWXdCDXdDLC00aQH442.R865 2010b.R865 2010002221 aRussell, Peter J.10aiGenetics :ba molecular approach /cPeter J. Russell. a3rd ed. aSan Francisco :bBenjamin Cummings,cc2010. axix, 828 p. :bill. (chiefly col.) ;c29 cm. aIncludes bibliographical references (p. 728-741) and index. 0aMolecular genetics. a7bcbccorignewd1eecipf20gy-gencatlg 2lcccBOOKSh.R865 2010 c12180d12180 00102lcc4070aMUCbMUCcGENd2016-07-15eDonation(BFA)l0oQH442.R865 2010p22839r2019-05-31w2016-07-15yBOOKS